01345 a2200253 4500003000500000005001700005010001600022020003500038040000900073082001500082100001700097245009500114260003600209300003400245440002800279505036800307650003200675650006200707650003600769700001900805856010400824856008900928856007401017Nust20220729155227.0 a 00043465 a0471399922 (pbk. : alk. paper) cNust00a004.62,MAN1 aMann, Steve,14aThe wireless application protocol (WAP) :ba Wiley tech brief /cSteve Mann, Scott Sbihli. aNew York :bJohn Wiley,cc2002. axiv, 210 p. :bill. ;c24 cm. 0aWiley tech brief series aWireless Data Primer (Page-1), A Brief History of WAP (Page-13), Why WAP? The Overview of WAP (Page-29), The WAP Application Environment (Page-45), WAP Client Software, Hardware and Web Sites (Page-59), WAP Gateways (Page-75), Some WAP Profile (Page-81), Implementing an Enterprise WAP Strategy (Page-91), The Future of WAP (Page-91), The Future of Wap (Page-97). 0aComputer network protocols. 0aWireless Application Protocol (Computer network protocol) 0aWireless communication systems.1 aSbihli, Scott.4 3Contributor biographical informationuhttp://www.loc.gov/catdir/enhancements/fy0706/00043465-b.html4 3Publisher descriptionuhttp://www.loc.gov/catdir/enhancements/fy0706/00043465-d.html4 3Table of Contentsuhttp://www.loc.gov/catdir/toc/onix06/00043465.html